00982cam a2200253I 4500001000700000003000600007008004100013020001500054040000800069050002000077245022000097260006700317300003000384504004100414596000600455650002500461650003700486700002100523700002000544700002300564942001200587952011200599999001700711u18172SIRSI070226s2004 a mau 000 0 eng d a1884940323 aEAL aS620bIP76 200410aProspects of saline agriculture in the Arabian Peninsula:bproceeding of international symposium on prospects of saline agriculture in the GCC countries/cedited by Faisal K.Taha, Shoaib Ismail and Abdullah Jaradat. aAmherst, Massachusetts:bAmherst Scientific Publishers, c2004 axiv,576p.:bill.;c24 cm. aIncludes bibliographical references. a1 0aSalt-tolerant crops. 0aAgriculture zArabian Peninsula.1 aTaha, Faisal K.1 aIsmail, Shoaib.1 aJaradat, Abdullah. cBK2lcc 00102lcc4070aENALbENALd2018-02-20l0oS620 IP76 2004p0009523r2018-02-20 00:00:00t1w2018-02-20yBK c26081d26081